000
00321nam a22001337a 4500
005
20240301113045.0
008
240301b ||||| |||| 00| 0 eng d
040
_c
AL
041
_a
English
082
_2
23
_a
530
_b
RAOT
100
_a
Rao M A R
_9
152522
245
_a
Textbook of Pre-University Physics
942
_2
ddc
_c
BK
999
_c
229944
_d
229944